Thiết kế bộ điều khiển tay quay máy cắt hợp bộ 22 kV từ xa qua mạng Internet : Luận văn tốt nghiệp Thạc sĩ. Chuyên ngành Kỹ thuật điện

Nghiên cứu nhằm hoàn thiện triển khai áp dụng vận hành Trạm 110/22 kV không người trực, cải thiện thời gian mất điện khi xử lý sự cố, khi công tác trên lưới điện.

שמור ב:
מידע ביבליוגרפי
מחבר ראשי: Tăng, Hoàng Phong
פורמט: ספר
שפה:Undetermined
יצא לאור: Cần Thơ Trường Đại học Cần Thơ 2019
נושאים:
תגים: הוספת תג
אין תגיות, היה/י הראשונ/ה לתייג את הרשומה!
Thư viện lưu trữ: Trung tâm Học liệu Trường Đại học Cần Thơ
LEADER 01214nam a2200229Ia 4500
001 CTU_232786
008 210402s9999 xx 000 0 und d
082 |a 629.89 
082 |b Ph431 
088 |a 8520201 
100 |a Tăng, Hoàng Phong 
245 0 |a Thiết kế bộ điều khiển tay quay máy cắt hợp bộ 22 kV từ xa qua mạng Internet : 
245 0 |b Luận văn tốt nghiệp Thạc sĩ. Chuyên ngành Kỹ thuật điện 
245 0 |c Tăng Hoàng Phong ; Lương Vinh Quốc Danh (Cán bộ hướng dẫn) 
260 |a Cần Thơ 
260 |b Trường Đại học Cần Thơ 
260 |c 2019 
520 |a Nghiên cứu nhằm hoàn thiện triển khai áp dụng vận hành Trạm 110/22 kV không người trực, cải thiện thời gian mất điện khi xử lý sự cố, khi công tác trên lưới điện. 
650 |a Digital control systems,Hệ thống điều khiển kỹ thuật số 
650 |x Design and construction,Thiết kế và xây dựng 
910 |b nthai 
980 |a Trung tâm Học liệu Trường Đại học Cần Thơ